| 000 | 00500nam a2200193 a 4500 | ||
|---|---|---|---|
| 001 | 1766480581980 | ||
| 003 | YourLibrary | ||
| 005 | 20251226120328.0 | ||
| 008 | 251223s1997##################000#0#eng## | ||
| 020 | _a9780195110319 | ||
| 082 | 0 | 4 |
_a270.2 _bRUF |
| 100 | 1 |
_aRufinus, _eauthor. |
|
| 245 | 1 | 0 | _aThe Church History of Rufinus of Aquileia, Books 10 and 11 : |
| 260 | _c1997. | ||
| 300 | _a153 pages | ||
| 650 | 0 | _aHistory. | |
| 942 | _cENGLISH | ||
| 040 |
_aYourLibrary _beng _cYourLibrary |
||
| 999 |
_c605177 _d605177 |
||